Statistics for Quotes of Jesus

Click here to take the quiz!

General Stats

  • This quiz has been taken 11,064 times
  • The average score is 12 of 19

Answer Stats

VerseQuote% Correct
Matthew 19:19Love thy {neighbour} as thyself
91%
John 8:7He that is without sin among you, let him cast the first {stone}
86%
Matthew 4:4Man shall not live by {bread} alone
85%
Matthew 5:5Blessed are the {meek}, for they will inherit the earth
82%
Matthew 5:39But whosoever shall smite thee on thy right {cheek} turn to him the other also
81%
Mark 10:25It is easier for a {camel} to go through the eye of a needle, than for a
rich man to enter into the kingdom of God
74%
Matthew 22:14For many are called, but few are {chosen}
72%
Matthew 12:25Every house divided against itself shall not {stand}
67%
Luke 18:16Suffer little {children} to come unto me, and forbid them not
66%
John 8:32And ye shall know the {truth}, and the {truth} shall make you free
63%
Mark 1:17Come, follow me... l will make you {fishers} of men
57%
Matthew 16:23Get thee {behind} me, Satan
56%
Matthew 19:6What therefore God hath joined together, let not man put {asunder}
56%
Matthew 22:21Render therefore unto {Caesar} the things which are {Caesar}'s
53%
Matthew 6:24No man can serve two masters … Ye cannot serve God and {mammon}
52%
Matthew 7:1{Judge} not, that ye be not {judge}d
47%
Mark 8:36For what shall it {profit} a man, if he shall gain the whole world, and lose his own soul?
40%
Matthew 5:9Blessed are the {peacemakers}, for they will be called sons of God
39%
Matthew 10:34I came not to send peace, but a {sword}
39%

Score Distribution

Percentile by Number Answered

Percent of People with Each Score

Your Score History

You have not taken this quiz